000 00250nam a2200097Ia 4500
001 1253376
005 20251031150952.0
008 251031s9999 xx 000 0 und d
245 0 _cAYDIN USTA
_aY-5 SELÇUKLU SULTANLARI
260 _bYEDİTEPE YAYINLARI
999 _c1253376
_d1253376